[Event "NED-ch 1994"]
[Site "Amsterdam"]
[Date "1994.??.??"]
[Round "4"]
[White "Piket, Jeroen"]
[Black "Van Wely, Loek"]
[Result "1-0"]
[WhiteElo "2605"]
[BlackElo "2570"]
[Annotator "Hansen,Cu"]
[PlyCount "79"]
[EventDate "1994.06.??"]
[Source "ChessBase"]
[SourceDate "2004.01.01"]

1. d4 {Knaak} 1... Nf6 2. c4 g6 3. Nc3 Bg7 4. e4 d6 5. Nf3 O-O 6. h3 e5 7. d5
a5 8. Be3 Na6 9. g4 Nc5 10. Nd2 Ne8 (10... Bd7 11. Be2 (11. f3 Ne8 12. h4 Bf6
13. Bf2 Ng7 14. Nb3 $14 {Budde,V-Bastian,H/BL/1983/}) 11... Ne8 (11... a4 12.
h4 Bxg4 13. Bxg4 Nd3+ 14. Ke2 Nxb2 15. Qc2 Nxc4 16. Nxc4 Nxg4 17. h5 $16 {
Shabalov,A-Vepshvishvili,V/Belgorod GMA-qual/1989/}) (11... c6 12. h4 (12. g5
Ne8 13. Nb3 $14 Nxb3 (13... Na6 14. h4 a4 15. Nc1 a3 16. b3 f5 17. f3 Qa5 18.
Qd2 $13 {Nikcevic,N-Van Wely,L/Hania open/1993/}) 14. Qxb3 a4 15. Qd1 f5 16.
gxf6 Bxf6 17. Qd2 Bh4 $15 {San Segundo,P-Benjamin,J/Palma GMA-open/1989/}) (12.
b3 Ne8 13. g5 f5 14. gxf6 Nxf6 15. a3 cxd5 16. cxd5 Rc8 $15 {
Kalantarian,N-Nikitin,Y/Voroshilovgrad/1989/}) (12. f3 cxd5 13. cxd5 Rc8 14.
Rc1 Ne8 15. h4 f5 16. g5 Rf7 17. b3 $14 {Sulava,N-Basagic,V/Osijek/1993/})
12... cxd5 13. cxd5 (13. exd5 a4 14. g5 Ne8 15. Bxc5 dxc5 16. Nde4 a3 $132 {
Rivas Pastor,M-Khalifman,A/Las Palmas/1993/}) 13... Qc8 {
0,5/Hegeler,F-Lev,R/Gausdal International/1991/} (13... Ne8 14. a4 $14 {
Larsen,B-Westerinen,H/Helsinki/1969/}) (13... a4 14. g5 Ne8 15. b4 axb3 16.
axb3 f5 17. f3 $14 {Kavalek,L-Kestler,H/BL/1982/})) 12. h4 f5 (12... Bf6 13. g5
Be7 14. Nb3 $14 {San Segundo,P-Santano,O/New York/1988/}) 13. exf5 (13. gxf5
gxf5 14. Qc2 Na6 15. exf5 Bxf5 16. Nde4 c6 17. Qb3 Qc8 18. Ng3 Nb4 19. Nxf5
Qxf5 20. O-O-O $14 {Akesson,R-Lautier,J/Reykjavik op/1988/}) 13... gxf5 14.
gxf5 Bxf5 15. Bxc5 dxc5 16. Nde4 Nd6 17. Bd3 Qe7 18. Qe2 Bh6 $13 {
Hergott,D-Anand,V/Lloyds Bank/1987/}) (10... c6 11. Be2 (11. Qc2 Bd7 12. O-O-O
cxd5 {0,5/Grunberg,S-Takacs,B/Predeal/1988/}) (11. f3 Nfd7 12. h4 Bf6 13. Bf2
Qe8 14. Be2 Bd8 15. Qc2 Bb6 $13 {Kolev,A-Kaminski,U/Odessa/1989/}) (11. Qe2 Rb8
(11... a4 12. Bg2 Qa5 13. a3 Bd7 14. O-O Qa6 $15 {Kitte,S-Poldauf,D/BL/1994/})
12. Bg2 b5 13. dxc6 bxc4 14. Bxc5 dxc5 15. Nxc4 $16 {
Stromer,A-Petit,E/Bordeaux/1990/}) 11... cxd5 (11... Ne8 12. Nf1 f5 13. gxf5
gxf5 14. exf5 Bxf5 15. Ng3 Qh4 16. Qd2 $14 {Grivas,E-Maki,V/EU-chT Haifa/1989/}
) (11... a4 12. b4 (12. Bxc5 dxc5 13. Nxa4 Qa5 14. Nc3 Bh6 15. Qc2 Bd7 16. Rg1
{0,5/Bagirov,V-Dolmatov,S/WchT Luzern/1993/}) 12... axb3 13. axb3 Rxa1 14. Qxa1
Na6 15. Nf1 Ne8 16. Ng3 Bf6 $15 {Shabalov,A-Dolmatov,S/Philadelphia/1991/}) (
11... Nfd7 12. Nf1 a4 13. Ng3 cxd5 14. cxd5 $13 {
Cramling,P-Heine Nielsen,PH/Valby K41/1993/}) 12. cxd5 Ne8 13. h4 f5 14. h5
fxg4 (14... Nxe4 15. Ndxe4 fxe4 16. g5 gxh5 17. Qd2 Bf5 $13 {
Keitlinghaus,L-Prasad,D/Lloyds Bank 1987/}) 15. hxg6 hxg6 16. Nb3 Nxb3 17. Qxb3
Nf6 18. O-O-O Bd7 $13 {Makarov,G-Fedorov,V/USSR/1973/}) 11. Qe2 (11. h4 f5 (
11... Bd7 12. Qe2 c6 13. f3 f5 14. exf5 gxf5 15. gxf5 cxd5 16. cxd5 Bxf5 17.
Nde4 b6 $13 {Knaak,R-Nunn,J/Dormund-A/1991/}) 12. gxf5 (12. g5 Na6 13. f3 Rf7
14. Qe2 Bf8 15. exf5 Bxf5 16. Nde4 $14 {Martin,G-Siegl,E/corr/1991/}) 12...
gxf5 13. Qe2 (13. Bg5 Qd7 14. Rg1 Kh8 15. h5 Qf7 16. h6 Bf6 17. Qf3 Rg8 18.
Bxf6+ Nxf6 19. Rxg8+ Nxg8 $15 {Csebe,A-Kofidis,A/Balatonbereny/1992/}) 13... f4
(13... Na6 14. Bg5 Bf6 15. O-O-O f4 16. Nf3 Kh8 17. Bh3 $14 {
Bagirov,V-Sigurjonsson,G/Tbilisi/1974/}) (13... Nf6 14. Bh3 fxe4 15. Bxc5 dxc5
16. Ndxe4 (16. O-O-O Bh6 17. Kb1 Bxd2 18. Qxd2 $14 {
Bagirov,V-Sukharisingh/Moskva/1990/}) 16... Nxe4 17. Nxe4 Rf4 18. O-O-O Qf8 19.
Rdg1 $16 {Kaiser,W-Autenrieth,M/BL/1985/}) 14. Bxc5 dxc5 15. Bh3 Bxh3 16. Rxh3
Ra6 (16... Qd7 17. Rh1 Ra6 18. Nf3 Rg6 19. O-O-O $14 {
Vilela,J-Moreno,A/La Habana/1991/}) 17. Nf3 h6 18. O-O-O $14 {
Comas Fabrego,L-Maes,W/Wch-stud/1992/}) (11. Qc2 f5 (11... Bf6 12. Nf3 Ng7 13.
O-O-O b6 14. Be2 Be7 15. Rdg1 $14 {Larsen,B-Mestel,J/Las Palmas izt/1982/}) (
11... Kh8 12. Be2 f5 13. exf5 gxf5 14. O-O-O a4 $13 {
Larsen,B-Piket,J/Lugano/1987/}) 12. gxf5 gxf5 13. h4 (13. Rg1 f4 14. Bxc5 dxc5
15. Nf3 Kh8 16. O-O-O Ra6 17. Nb5 Qe7 18. Qc3 Rh6 19. h4 b6 $15 {
Piket,J-Nunn,J/Wijk/1990/}) 13... f4 14. Bxc5 dxc5 15. Bh3 Bxh3 16. Rxh3 Qd7
17. Qd3 Nd6 18. O-O-O Kh8 $10 {Chabanon-Apicella/Royan open/1988/}) (11. Be2 f5
12. gxf5 gxf5 13. h4 f4 14. Bxc5 dxc5 15. Bg4 Nf6 16. Bxc8 Rxc8 17. Nf3 $14 {
Hegeler,F-Kreutzkamp,R/Hamburg-ch/1987/}) (11. Rg1 Kh8 12. Qe2 f5 13. g5 Bd7
14. h4 c6 15. h5 $16 {Conquest,S-Sirigos,N/Komotini GP-1/1992/}) 11... f5 12.
gxf5 gxf5 13. O-O-O f4 (13... Ne6 14. dxe6 f4 15. Bc5 dxc5 16. Nf3 Nd6 17. Rg1
Bxe6 18. Nxe5 Qe7 19. Qh5 $16 {Piket,J-Dam,R/OHRA-B/1990/}) (13... Kh8 14. h4
a4 {0,5/Stone,R-Watson,W/Gausdal Troll Masters/1991/}) (13... Nxe4 {Knaak} 14.
Ndxe4 fxe4 15. h4 Nf6 16. Bh3 $14) (13... Na6 {Knaak} 14. exf5 Bxf5 15. Nde4
$14) (13... Nf6 {Knaak} 14. Bxc5 dxc5 15. h4 $14) 14. Bxc5 dxc5 15. h4 Ra6 16.
Bh3 Bxh3 17. Rxh3 {/\ Nf3-g5-e6} 17... Rg6 18. h5 (18. Nf3 Bf6) 18... Rg2 19.
Nf3 Qd7 20. Rhh1 (20. Rh4 $2 Bf6) 20... Bf6 21. Qf1 (21. Rdg1 $6 Rxg1+ 22.
Rxg1+ Kh8 $10) 21... Rg7 $6 (21... Rg4 22. Qh3 $14) 22. h6 Rg6 23. Rh5 $16 {
>< Pe5} 23... Qg4 (23... Qd6 24. Qh3 $16) (23... Qe7 $14 {Knaak}) 24. Qh1 {
/\Rg1} 24... Qg2 25. Qxg2 Rxg2 26. Nxe5 Bxe5 (26... Rxf2 27. Nd3 $18 {/\e4-e5})
27. Rxe5 Nd6 (27... Rxf2 28. Rg5+ Kh8 29. e5 $18 {>< Ne8}) 28. Re7 Rf7 (28...
Rxf2 29. Rxc7 $18) 29. Re6 (29. Rxf7 Nxf7 $1 $13 {>< e5}) 29... Nxc4 30. e5 {
/\Ne4-f6} 30... Rg5 (30... Rxf2 $2 31. Ne4 (31. Rg1+ {Knaak} 31... Kf8 32. Ne4
$18) 31... Rxb2 32. Rg1+ Kf8 33. Nf6 Rxf6 34. Rxf6+ $18) 31. Re1 {
/\b2-b3 + Nc3-e4} 31... Kf8 32. b3 Nb6 33. Rxb6 (33. Ne4 Rg2 $16) (33. d6 $16 {
Knaak}) 33... cxb6 34. e6 (34. d6 {Knaak} 34... Rff5 (34... Rd7 $2 35. Nb5 $18)
35. Rd1 Ke8 (35... Rg8 $2 36. Nd5 $1 Rxe5 37. Nf6 Re8 38. Nxg8 Kxg8 39. Rg1+
Kf7 (39... Kh8 40. d7 Rd8 41. Re1 $18) 40. d7 Rd8 41. Rg7+ Kf6 42. a4 $18) 36.
e6 $1 (36. Ne4 Rxe5 37. Nxg5 Rxg5 38. Re1+ Kd7 39. Re7+ Kxd6 40. Rxh7 Rh5 41.
Kd2 $10) 36... Re5 37. Nb5 Kd8 $1 38. Nc7 {/\ 39.e7+ Kd7 40.Na8+/-} 38... Rg8
39. a4 $16) 34... Rff5 35. d6 $18 Rd5 (35... Re5 {Knaak} 36. e7+ $1 (36. Rd1
Rg8 $1 37. e7+ (37. d7 Ke7 38. Nd5+ Kxe6 39. Nxf4+ Ke7 $17 40. Ng6+ $6 hxg6 41.
h7 Rd8 $19) 37... Kf7 38. Nd5 f3 $14) 36... Kf7 37. Rxe5 Rxe5 38. Nb5 Ke8 $1 (
38... c4 $2 39. bxc4 Rc5 40. Nc7 Rxc4+ 41. Kb2 Re4 42. Nd5 $1 Re2+ 43. Kc3 Ke8
44. Nf6+ Kf7 45. Nxh7 $18) 39. Nc7+ Kd7 40. a4 f3 41. Kd2 {/\ Kd2-d3-c4-b5 +-}
41... b5 42. axb5 b6 43. Kd3 Re1 44. e8=Q+ $1 (44. Kc4 Re5 45. e8=Q+ Rxe8 46.
Nxe8 Kxe8 47. Kd5 Kd7 48. Ke5 c4 49. bxc4 a4 50. c5 bxc5 $1 51. b6 a3 52. b7 a2
53. b8=Q (53. b8=N+ Kc8 54. d7+ Kc7 55. Na6+ Kd8 $17) 53... a1=Q+ $10) 44...
Rxe8 45. Nxe8 Kxe8 46. Ke4 Kd7 $1 (46... c4 47. bxc4 a4 48. c5 (48. Kd4 $18)
48... Kd7 49. cxb6 Kxd6 50. Kd4 Kd7 51. Kc3 Kc8 52. Kb4 $18) (46... Kd8 47. Ke5
c4 48. bxc4 a4 49. Kd4 Kd7 50. Kc3 Kxd6 51. Kb4 a3 52. Kxa3 Kc5 53. Kb3 Kd4 54.
Kb4 Kd3 55. c5 bxc5+ 56. Kxc5 Ke2 57. b6 Kxf2 58. b7 Kg2 59. b8=Q f2 60. Qg8+
Kh2 61. Qf7 Kg1 62. Kd6 $18) 47. Kd5 c4 48. bxc4 $1 (48. Kxc4 Kxd6 49. Kd4 Ke6
50. Ke4 Kd6 $1 (50... Kf6 51. Kd5 $18) 51. Kf5 (51. Kxf3 Kc5 52. Kg4 Kb4 53. f4
Kxb3 54. f5 a4 55. f6 a3 56. f7 a2 57. f8=Q a1=Q $13) 51... Kc5 52. Kf6 Kd6 $3
53. Kg7 Ke7 54. Kxh7 Kf7 $10) 48... a4 49. c5 a3 50. c6+ Kd8 $8 51. Ke6 (51. d7
$2 Ke7 $1 $19) 51... a2 52. c7+ Kc8 53. Ke7 a1=Q 54. d7+ Kxc7 55. d8=Q+ Kb7 $16
) 36. Nxd5 Rxd5 37. d7 Ke7 38. a4 {/\Rd1} 38... Rg5 39. Rd1 Rg8 40. Kc2 1-0

[Event "NED-ch 1994"]
[Site "Amsterdam"]
[Date "1994.??.??"]
[Round "4"]
[White "Sosonko, Gennadi"]
[Black "Cifuentes Parada, Roberto"]
[Result "1/2-1/2"]
[WhiteElo "2525"]
[BlackElo "2500"]
[PlyCount "33"]
[EventDate "1994.06.??"]
[Source "ChessBase"]
[SourceDate "2004.01.01"]

1. d4 d5 2. Nf3 c5 3. c4 dxc4 4. Nc3 cxd4 5. Qxd4 Qxd4 6. Nxd4 e5 7. Ndb5 Na6
8. Nd5 Kd8 9. e4 Bd7 10. Bxc4 Rc8 11. b3 Nb4 12. Nxb4 Bxb4+ 13. Bd2 Bxd2+ 14.
Kxd2 Bxb5 15. Bxb5 Nf6 16. f3 Rc5 17. Bd3 1/2-1/2

[Event "NED-ch 1994"]
[Site "Amsterdam"]
[Date "1994.??.??"]
[Round "4"]
[White "Van Gisbergen, Stan"]
[Black "Van der Wiel, John"]
[Result "0-1"]
[WhiteElo "2365"]
[BlackElo "2570"]
[PlyCount "80"]
[EventDate "1994.06.??"]
[Source "ChessBase"]
[SourceDate "2004.01.01"]

1. d4 Nf6 2. c4 e6 3. Nf3 b6 4. g3 Ba6 5. Nbd2 Bb7 6. Bg2 c5 7. e4 cxd4 8. e5
Ne4 9. O-O Nxd2 10. Bxd2 Qc7 11. Nxd4 Bxg2 12. Kxg2 Qxc4 13. Rc1 Qd5+ 14. Qf3
Qxf3+ 15. Kxf3 Na6 16. Nb5 Be7 17. Rfd1 f6 18. Bc3 fxe5 19. Bxe5 O-O+ 20. Ke2
d5 21. Rc6 Bf6 22. Bd6 Rfc8 23. Nxa7 Rxc6 24. Nxc6 Nc5 25. a3 Bxb2 26. Rb1 Bxa3
27. Rxb6 Nd7 28. Rb7 Bxd6 29. Rxd7 Ra2+ 30. Ke1 Bc5 31. f4 Rxh2 32. Rd8+ Kf7
33. Ne5+ Kf6 34. Rc8 Bf2+ 35. Kf1 Bxg3 36. Ng4+ Kf7 37. Rc7+ Kg6 38. Nxh2 Bxh2
39. Rc6 Kf6 40. Rc8 Bxf4 0-1

[Event "NED-ch 1994"]
[Site "Amsterdam"]
[Date "1994.??.??"]
[Round "4"]
[White "Van der Sterren, Paul"]
[Black "Bosch, Jeroen"]
[Result "0-1"]
[WhiteElo "2605"]
[BlackElo "2370"]
[PlyCount "79"]
[EventDate "1994.06.??"]
[Source "ChessBase"]
[SourceDate "2004.01.01"]

1. d4 d5 2. c4 dxc4 3. Nf3 c6 4. e3 b5 5. a4 e6 6. axb5 cxb5 7. b3 Bb4+ 8. Bd2
Bxd2+ 9. Nbxd2 a5 10. bxc4 b4 11. c5 Nf6 12. Bb5+ Bd7 13. Qa4 O-O 14. Ne5 Bxb5
15. Qxb5 Nd5 16. Ne4 Qh4 17. Qd3 Qe7 18. O-O f6 19. Nc4 f5 20. Ned6 Nc6 21. Nb2
Rfb8 22. Na4 Qa7 23. Qb3 Qd7 24. Rfe1 Rf8 25. f3 Rab8 26. e4 fxe4 27. fxe4 Nf4
28. Rad1 Kh8 29. h3 e5 30. dxe5 Nxe5 31. Re3 Qe7 32. Kh1 Qh4 33. Nf5 Qf2 34.
Qb2 Qxb2 35. Nxb2 Rbd8 36. Nd6 Kg8 37. Ra1 Nc6 38. Nbc4 Ne6 39. Nb7 Rb8 40. Rd3
$138 0-1

[Event "NED-ch 1994"]
[Site "Amsterdam"]
[Date "1994.??.??"]
[Round "5"]
[White "Bosch, Jeroen"]
[Black "Van Gisbergen, Stan"]
[Result "1/2-1/2"]
[WhiteElo "2370"]
[BlackElo "2365"]
[PlyCount "32"]
[EventDate "1994.06.??"]
[Source "ChessBase"]
[SourceDate "2004.01.01"]

1. e4 e5 2. Nf3 Nc6 3. Nc3 Nf6 4. Bb5 Nd4 5. Ba4 c6 6. d3 b5 7. Bb3 Nxb3 8.
axb3 d6 9. Ne2 Bg4 10. Ng3 Nh5 11. h3 Nxg3 12. fxg3 Bd7 13. O-O Be7 14. g4 O-O
15. b4 Qc7 16. Bg5 Bxg5 1/2-1/2

[Event "NED-ch 1994"]
[Site "Amsterdam"]
[Date "1994.??.??"]
[Round "5"]
[White "Cifuentes Parada, Roberto"]
[Black "Piket, Jeroen"]
[Result "0-1"]
[WhiteElo "2500"]
[BlackElo "2605"]
[PlyCount "68"]
[EventDate "1994.06.??"]
[Source "ChessBase"]
[SourceDate "2004.01.01"]

1. e4 c5 2. Nf3 d6 3. d4 cxd4 4. Qxd4 Nc6 5. Bb5 Bd7 6. Bxc6 Bxc6 7. Nc3 e6 8.
Bg5 Nf6 9. O-O-O Qa5 10. Rhe1 Be7 11. Kb1 O-O 12. Qd2 Qb6 13. Nd4 Rac8 14. f3
Rfd8 15. g4 Be8 16. h4 a6 17. Rg1 Qc5 18. Be3 Qc4 19. g5 Nh5 20. f4 b5 21. f5
g6 22. Qd3 b4 23. Nce2 e5 24. Nb3 Qc7 25. Ng3 Nxg3 26. Rxg3 d5 27. exd5 e4 28.
Qxe4 Qxg3 29. Qxe7 Qf3 30. Re1 Qxf5 31. Bd4 Ba4 32. Qxb4 Qxc2+ 33. Ka1 Re8 34.
Rb1 Rc4 0-1

[Event "NED-ch 1994"]
[Site "Amsterdam"]
[Date "1994.??.??"]
[Round "5"]
[White "Nijboer, Friso"]
[Black "Van der Sterren, Paul"]
[Result "1-0"]
[WhiteElo "2530"]
[BlackElo "2605"]
[Annotator "Ftacnik"]
[PlyCount "51"]
[EventDate "1994.06.??"]
[Source "ChessBase"]
[SourceDate "2004.01.01"]

1. e4 e5 2. Nf3 Nc6 3. Nc3 Nf6 4. Bb5 Bb4 5. O-O O-O 6. d3 d6 7. Bg5 Bxc3 8.
bxc3 h6 9. Bh4 Bd7 10. Rb1 a6 11. Ba4 b6 $6 (11... Rb8 12. Bb3 Qe7 13. Re1 {
Chandler,M-Karpov,An/Reykjavik/1991/}) 12. d4 $5 Re8 (12... Ne7 $2 13. dxe5
dxe5 14. Bxf6 Bxa4 15. Qxd8 $18) (12... g5 $13) 13. Qd3 Nxd4 $2 (13... Ne7 14.
dxe5 dxe5 15. Bxd7 Nxd7 16. Rfd1 $16) 14. Nxd4 Bxa4 (14... exd4 15. Bxd7 Qxd7
16. Bxf6 gxf6 17. cxd4 $16) 15. Nf5 Re6 16. f4 Qf8 17. Nxh6+ $1 gxh6 18. f5
Ree8 19. Bxf6 d5 20. exd5 Kh7 21. Qe4 Bb5 22. Rf3 Qc5+ 23. Kh1 Qc4 24. Qe3 Qe2
(24... Qxd5 $2 25. Qxh6+ Kxh6 26. Rh3#) 25. Re1 Qxe3 26. Rexe3 (26. Rexe3 Bd7
27. g4 Rg8 28. Rh3 Rxg4 29. Rxh6+ $1 Kxh6 30. Rh3+) 1-0

[Event "NED-ch 1994"]
[Site "Amsterdam"]
[Date "1994.??.??"]
[Round "5"]
[White "Van Wely, Loek"]
[Black "Sokolov, Ivan"]
[Result "1/2-1/2"]
[WhiteElo "2570"]
[BlackElo "2650"]
[PlyCount "105"]
[EventDate "1994.06.??"]
[Source "ChessBase"]
[SourceDate "2004.01.01"]

1. d4 Nf6 2. c4 g6 3. Nc3 d5 4. Nf3 Bg7 5. cxd5 Nxd5 6. e4 Nxc3 7. bxc3 c5 8.
Rb1 O-O 9. Be2 b6 10. O-O Bb7 11. Qd3 Ba6 12. Qe3 cxd4 13. cxd4 Qd7 14. Bxa6
Nxa6 15. Ba3 Nc7 16. d5 Nb5 17. Bxe7 Rfe8 18. Bb4 a5 19. Bd2 Nd6 20. Qd3 Nxe4
21. Rxb6 a4 22. Bb4 Rad8 23. d6 Bf8 24. Rd1 Nxd6 25. Qa6 Qc8 26. Bxd6 Qxa6 27.
Rxa6 Re6 28. Rxa4 Rexd6 29. Rxd6 Rxd6 30. Rd4 Rb6 31. Kf1 Rb1+ 32. Ke2 f6 33.
a4 Ra1 34. Rc4 Ra2+ 35. Nd2 Bh6 36. f4 g5 37. g3 gxf4 38. gxf4 Kf7 39. Kd3 Ke6
40. Nf1 Ra3+ 41. Ke2 Kd5 42. Rb4 Bf8 43. Rb5+ Bc5 44. Ng3 Rxa4 45. Kf3 Kc6 46.
Rb2 Bd6 47. Ne4 f5 48. Nxd6 Kxd6 49. Rb7 Ra3+ 50. Kg2 h5 51. Rh7 Kd5 52. Re7 h4
53. Re5+ 1/2-1/2

[Event "NED-ch 1994"]
[Site "Amsterdam"]
[Date "1994.??.??"]
[Round "5"]
[White "Van der Werf, Mark"]
[Black "Sosonko, Gennadi"]
[Result "0-1"]
[WhiteElo "2430"]
[BlackElo "2525"]
[Annotator "Horn,Pe"]
[PlyCount "78"]
[EventDate "1994.06.??"]
[Source "ChessBase"]
[SourceDate "2004.01.01"]

1. Nf3 d5 2. g3 c5 3. Bg2 Nc6 4. c4 d4 5. d3 e5 6. O-O Nf6 7. e3 Be7 8. exd4
exd4 9. Bf4 O-O 10. Ne5 Nxe5 11. Bxe5 Ng4 $1 12. Bf4 Bd6 13. Qd2 $6 $146 (13.
h3 Nf6 (13... Bxf4 14. hxg4 $14) 14. Bg5 h6 15. Bxf6 Qxf6 16. Nd2 Qg6 17. Re1
Kh8 18. Ne4 Be7 19. f4 Bd7 20. Kh2 Rae8 $132 {Panno-Timman/Buenos Aires/1980})
(13. Bxd6 Qxd6 14. Nd2 (14. h3 Nf6 15. Nd2 Bf5 16. Qf3 Bg6 17. Rfe1 Rab8 18.
Re2 Qb6 19. Nb3 a5 20. Rae1 a4 $13 {Butnorius-L.Grigorian/URS/1975}) 14... Ne5
(14... Qh6 15. h3 Nf6 16. g4 Qf4 17. Qc1 Qc7 18. f4 Bd7 19. Qd1 Bc6 20. Bxc6
Qxc6 21. g5 $14 {Cvitan-Sax/Zagreb/1985}) (14... Qb6 $6 15. Re1 $1 (15. Rb1 a5
16. Ne4 Bd7 17. a3 f5 18. Ng5 Qf6 19. h3 Qxg5 20. f4 Qh6 21. hxg4 fxg4 $17 {
Spassov-Inkiov/Albena/1976}) 15... Bd7 (15... Qxb2 $6 16. h3 Nf6 17. Nb3 Qa3
18. Re5 Nd7 19. Re7 $16) 16. h3 Nf6 17. Qb3 Qa5 (17... Bc6 18. Qxb6 axb6 19.
Bxc6 bxc6 20. Nf3 $14 {Kasparov}) 18. Nf3 Bc6 19. Ne5 Bxg2 20. Kxg2 Qc7 $14 {
Kasparov-Pinter/EM/1980}) 15. Ne4 Qc7 16. h3 Bf5 $10 {Kasparov}) 13... Re8 14.
Bxd6 (14. Na3 $2 Bxf4 15. Qxf4 Re2 $17) 14... Qxd6 15. Na3 Bd7 $5 16. h3 (16.
Bxb7 Rab8 17. Bg2 Qh6 (17... Bc6 18. Bxc6 (18. h3 Bxg2 19. Kxg2 Qc6+ 20. Kg1
Ne5 $19) 18... Qxc6 {/\ Ne5} 19. f4 (19. Qd1 Ne5 20. f4 Rxb2 21. Rf2 Rxf2 22.
Kxf2 Nd7 $17) 19... Ne3 $44) 18. Qxh6 gxh6 19. b3 Re2 $44) 16... Ne5 17. f4 Nc6
18. Nc2 Re7 19. Rae1 Rae8 20. Rxe7 Rxe7 21. Re1 b6 22. Kf2 h5 23. h4 (23. Bxc6
Bxc6 24. Rxe7 Qxe7 25. Qe2 Qxe2+ 26. Kxe2 Bg2 27. h4 $15) 23... g6 24. Re4 (24.
Rxe7 Nxe7 25. b4 $15) 24... Kg7 25. Rxe7 Nxe7 26. b4 Nf5 27. Bh3 $2 (27. b5 $15
) 27... Qc6 $1 $19 28. Bg2 (28. b5 $2 Qh1 29. Bxf5 (29. Bg2 Qh2 $19) 29... Bxf5
$19 {><g3}) 28... Qa4 29. bxc5 bxc5 30. a3 Qb3 {/\ Qb2} 31. Bh3 Qb2 32. Qe2 Kh7
33. Bxf5 Bxf5 $19 34. a4 Bg4 35. Qd2 a5 36. Kf1 Qa2 37. Qf2 Qxa4 38. Ne1 Qd1
39. Kg2 a4 0-1

[Event "NED-ch 1994"]
[Site "Amsterdam"]
[Date "1994.??.??"]
[Round "5"]
[White "Van der Wiel, John"]
[Black "Hoeksema, Erik"]
[Result "1-0"]
[WhiteElo "2570"]
[BlackElo "2405"]
[PlyCount "77"]
[EventDate "1994.06.??"]
[Source "ChessBase"]
[SourceDate "2004.01.01"]

1. e4 c5 2. Nf3 d6 3. d4 cxd4 4. Nxd4 Nf6 5. Nc3 a6 6. Be2 e5 7. Nf3 Be7 8. Bg5
Nbd7 9. a4 Qc7 10. Nd2 b6 11. Nc4 Bb7 12. Ne3 h6 13. Bh4 Qc5 14. O-O g6 15. Bd3
Bd8 16. Qd2 Nh5 17. Bxd8 Rxd8 18. Ncd5 Nhf6 19. b4 Qc8 20. c4 Nxd5 21. Nxd5 a5
22. bxa5 Bxd5 23. cxd5 bxa5 24. Bb5 Ke7 25. Rac1 Nc5 26. Qxa5 g5 27. Rc4 Kf6
28. Bc6 Kg7 29. Rb1 Qg4 30. Qc7 Rb8 31. Rf1 Nd3 32. Bd7 Qf4 33. Qxd6 Rb2 34.
Qa3 Rd2 35. Qc3 Rb8 36. g3 Qf3 37. Qxd2 Nf4 38. gxf4 Qg4+ 39. Bxg4 1-0

[Event "NED-ch 1994"]
[Site "Amsterdam"]
[Date "1994.??.??"]
[Round "6"]
[White "Hoeksema, Erik"]
[Black "Bosch, Jeroen"]
[Result "1/2-1/2"]
[WhiteElo "2405"]
[BlackElo "2370"]
[PlyCount "22"]
[EventDate "1994.06.??"]
[Source "ChessBase"]
[SourceDate "2004.01.01"]

1. d4 d5 2. c4 e6 3. Nc3 Nf6 4. Bg5 Be7 5. e3 O-O 6. Nf3 Nbd7 7. Rc1 a6 8. cxd5
exd5 9. Bd3 c6 10. O-O Re8 11. Qc2 Nf8 1/2-1/2

[Event "NED-ch 1994"]
[Site "Amsterdam"]
[Date "1994.??.??"]
[Round "6"]
[White "Sokolov, Ivan"]
[Black "Van der Sterren, Paul"]
[Result "1/2-1/2"]
[WhiteElo "2650"]
[BlackElo "2605"]
[PlyCount "59"]
[EventDate "1994.06.??"]
[Source "ChessBase"]
[SourceDate "2004.01.01"]

1. c4 e6 2. Nc3 d5 3. d4 Nf6 4. Bg5 Be7 5. e3 O-O 6. Rc1 h6 7. Bxf6 Bxf6 8. Nf3
c6 9. Bd3 Nd7 10. O-O dxc4 11. Bxc4 e5 12. h3 exd4 13. exd4 Nb6 14. Bb3 Re8 15.
Re1 Bf5 16. Rxe8+ Qxe8 17. Qd2 Qd7 18. Re1 a5 19. a3 Re8 20. Rxe8+ Qxe8 21. Qf4
Be6 22. Bxe6 Qxe6 23. Qc7 Nc4 24. Qxb7 Bxd4 25. Nxd4 Qe1+ 26. Kh2 Qe5+ 27. g3
Qxd4 28. Qc8+ Kh7 29. Qf5+ Kg8 30. Qc8+ 1/2-1/2

[Event "NED-ch 1994"]
[Site "Amsterdam"]
[Date "1994.??.??"]
[Round "6"]
[White "Sosonko, Gennadi"]
[Black "Van der Wiel, John"]
[Result "1/2-1/2"]
[WhiteElo "2525"]
[BlackElo "2570"]
[PlyCount "43"]
[EventDate "1994.06.??"]
[Source "ChessBase"]
[SourceDate "2004.01.01"]

1. d4 Nf6 2. c4 g6 3. Nc3 Bg7 4. e4 d6 5. Nf3 O-O 6. Be2 e5 7. O-O Nc6 8. d5
Ne7 9. Ne1 Ne8 10. f4 exf4 11. Bxf4 h6 12. Nc2 f5 13. exf5 g5 14. Be3 Nxf5 15.
Bf2 Be5 16. Bd3 Qe7 17. Qe2 Qg7 18. Kh1 Nf6 19. Bg1 Nh4 20. Bd4 Bg4 21. Qd2 Nd7
22. Be2 1/2-1/2

[Event "NED-ch 1994"]
[Site "Amsterdam"]
[Date "1994.??.??"]
[Round "6"]
[White "Van Gisbergen, Stan"]
[Black "Nijboer, Friso"]
[Result "1/2-1/2"]
[WhiteElo "2365"]
[BlackElo "2530"]
[PlyCount "114"]
[EventDate "1994.06.??"]
[Source "ChessBase"]
[SourceDate "2004.01.01"]

1. d4 Nf6 2. c4 e6 3. Nf3 b6 4. g3 Ba6 5. b3 Bb7 6. Bg2 Bb4+ 7. Bd2 c5 8. O-O
O-O 9. Nc3 cxd4 10. Nxd4 Bxg2 11. Kxg2 Nc6 12. Nxc6 dxc6 13. Qc2 Qe7 14. Rad1
Rfd8 15. Bc1 e5 16. Rxd8+ Rxd8 17. Rd1 Rxd1 18. Nxd1 Qe6 19. Bd2 Bf8 20. Bc3
Nd7 21. Qd2 a5 22. Nb2 f5 23. Nd3 Kf7 24. f3 Bd6 25. Qe3 h6 26. h3 Bc7 27. g4
f4 28. Qe4 Qg6 29. Qxg6+ Kxg6 30. Kf2 Kf7 31. e3 b5 32. cxb5 cxb5 33. exf4 exf4
34. h4 g6 35. Ke2 a4 36. bxa4 bxa4 37. Nb2 Bd8 38. h5 gxh5 39. gxh5 a3 40. Nc4
Bf6 41. Bd2 Bg5 42. Nxa3 Nf6 43. Nc4 Ke6 44. a4 Kd7 45. Ne5+ Kc7 46. Kd3 Nxh5
47. Ng6 Kb6 48. Ke4 Ng3+ 49. Ke5 Nf1 50. Bb4 Nh2 51. Ke4 h5 52. Nxf4 Bxf4 53.
Kxf4 h4 54. Be1 Ka6 55. Bxh4 Nxf3 56. Kxf3 Ka5 57. Bd8+ Kxa4 1/2-1/2